Państwa leżące najbliżej Australii - Statystyki

Ogólne statystyki
  • Ten quiz został rozwiązany 2 875 razy
  • Średni wynik to 15 z 20
Statystyki odpowiedzi
km Państwo % Poprawnych
1303 Nowa Zelandia
99%
123 Indonezja
94%
4 Papua-Nowa Gwinea
90%
2250 Malezja
83%
2591 Fidżi
77%
1920 Filipiny
77%
3391 Tajlandia
76%
1744 Vanuatu
76%
2798 Singapur
75%
1391 Wyspy Salomona
75%
1778 Mikronezja
74%
461 Timor Wschodni
73%
1995 Palau
72%
3413 Wietnam
71%
3199 Tuvalu
70%
3266 Wyspy Marshalla
70%
2863 Nauru
69%
3086 Kiribati
68%
3228 Tonga
65%
2402 Brunei
62%
Nie znaleziono quizów pasujących do podanych kryteriów
Rozkład punktacji
Procent ludzi z każdym wynikiem
Percentyl według liczby udzielonych odpowiedzi
Twoja historia wyników
Nie rozwiązałeś tego quizu